02392cam a22004934i 4500003000900000005001700009008004100026020001500067020001800082035002000100040003300120049000900153082002200162100003100184245009500215264004800310300005700358336002100415337002500436338002300461504003900484504003300523505052900556526001001085526001001095526001001105526001001115526000801125526000801133526000801141526000801149526000801157526000801165526000801173630004301181630005601224910002801280942001401308949019701322596000601519999015801525980005801683952015701741PE-LiUPU20250825155943.0161229s2011 xxua 0rb 001 0 eng d a0830825681 a9780830825684 a(Sirsi) a165768 aPE-LiUPUbspacPE-LiUPUerda aPRUA04a227.2077bB162221 aBailey, Kenneth E.eautor.10aPaul through Mediterranean eyes :bcultural studies in 1 Corinthians /cKenneth E. Bailey. 1aDowners Grove, Ill. :bIVP Academic,c2011. a560 páginas :billustratraciones ;c23 centimetros atext2rdacontent aunmediated2rdamedia avolume2rdacarrier aBibliografía : páginas 427-435 aÍndices: páginas 436-4430 aPrelude : prophetic homily style and its interpretation -- The cross and Christian unity : 1 Corinthians 1:10-4:16 -- Sex : men and women in the human family : 1 Corinthians 4:17-7:40 -- Christian and pagan : freedom and responsibility : 1 Corinthians 8:1-11:1 -- Worship : men and women in the church : 1 Corinthians 11:2-14:40 -- Resurrection : faith, Christ and victory : 1 Corinthians 15:1-58 -- Appendix 1 : common themes in 1 Corinthians and Amos -- Appendix 2 : evidence from the oriental version noted in this study. aSEG42 aSEG41 aSEG40 aSEG39 aP94 aP87 aP86 aP85 aP77 aP76 aP35 aBiblia.PCorintios, 1ervCommentarios. 0aBiblia.PCorintios, 1er.0(OCoLC) fst0180802292418 ajckbjvqcjckd20161229 2ddccBOOK a227.2077 B16wDEWEYc1i75469lCATALOGINGmBULp00.00r0sYtBOOKu2016-12-29xTEOLOGIAzPOSGRADO TEOLOGÍA0COMPRAo.CIRCNOTE. El documento es de alto precio.o.STAFF. Colección Teología a1 a227.2077 B16wDEWEYc14519i75469d14519f2021-11-9g5lCCODEBUL1mBULq1r0sYtBOOKu2016-12-29xTEOLOGIAPP850COMPRAo.STAFF. Colección Teología 818226gJaime Vilcazán Jefe de Análisis Documental r2025-12-03 00:00:00i6l0o227.2077 B16p75469te1w2016-12-29xPGyBKzinventario-2023-12-13102ddc50708GENfP85aBULbBULcGENd2016-12-29eCOMPRA